Statistics for General Knowledge Quiz #84

Click here to take the quiz!

General Stats

  • This quiz has been taken 100,392 times
    (28,030 since last reset)
  • The average score is 11 of 20

Answer Stats

QuestionAnswer% Correct
What New York street is considered to be the center of the U.S. financial industry?Wall Street
86%
If someone commits matricide, who did they kill?Their Mother
81%
In what modern-day country was Christopher Columbus born?Italy
79%
What sea borders Turkey to the north?Black Sea
78%
In common depictions of the devil, what animal's lower body does he have?Goat
71%
What 2013 Pixar movie is a prequel to Monsters Inc.?Monsters University
71%
What kind of bean is used to make tofu?Soybean
71%
What can be either a burrowing animal or approximately 6.02 x 1023 molecules?Mole
70%
What is the approximate gestational period in humans?9 months
69%
What does a mnemonic device help you do?Remember
66%
What does IQ stand for?Intelligence Quotient
63%
In what city would you find the world's largest indoor ski slope?Dubai
47%
What was the Greek name for the god Pluto?Hades
43%
What can be purchased at a zapateria?Shoes
43%
What is a female peacock called?Peahen
37%
What is the name for a box or room that keeps cigars at a constant humidity?Humidor
32%
What conveyance do the Otis and ThyssenKrupp companies produce?Elevators
30%
Who was the most successful women's tennis player of the 1990s?Steffi Graf
30%
What nautical unit of measurement is equal to six feet?Fathom
28%
What does the Jewish holiday Rosh Hashanah celebrate?Jewish New Year
27%

Score Distribution

Percentile by Number Answered

Percent of People with Each Score

Your Score History

You have not taken this quiz since the last reset